| 000 | 00670 a2200169 4500 | ||
|---|---|---|---|
| 020 | _a0195978838 | ||
| 040 |
_aDLC _bDLC |
||
| 100 | 1 | _aAsghar Khan, Mohammad, | |
| 245 | 1 | 0 |
_aWe've learnt nothing from history: Pakistan, politics and military power _bPakistan, politics and military power _cM. Asghar Khan. |
| 260 |
_aKarachi : _bOxford University Press, _c2005. |
||
| 300 |
_axviii, 306 p. : _bill. ; _c23 cm. |
||
| 500 | _aIncludes index. | ||
| 610 | 1 | 0 |
_aPakistan _bArmy _xPolitical activity. |
| 651 | 0 |
_aPakistan _xPolitics and government. |
|
| 856 | 4 | 2 |
_3Publisher description _uhttp://www.loc.gov/catdir/enhancements/fy0724/2005332249-d.html |
| 942 |
_cBK _k954.91 ASG _2ddc |
||
| 999 |
_c5185 _d5185 |
||